Разделы Речи Посполитой (Запись № 10568783)

Подробности
000 -МАРКЕР
контрольное поле 01123nem0a2200301 4500
001 - ИДЕНТИФИКАТОР ЗАПИСИ
контрольное поле RU\NLR\cart\7788
005 - ИДЕНТИФИКАТОР ВЕРСИИ
контрольное поле 20250614031105.0
010 ## - МЕЖДУНАРОДНЫЙ СТАНДАРТНЫЙ НОМЕР КНИГИ (ISBN)
Номер (ISBN) 978-5-8213-0483-4
035 ## - ДРУГИЕ СИСТЕМНЫЕ НОМЕРА
Идентификатор записи (NLR Aleph) 010295368
100 ## - ДАННЫЕ ОБЩЕЙ ОБРАБОТКИ
Данные общей обработки 20121018d2001 |||y0rusy50 ca
101 0# - ЯЗЫК РЕСУРСА
Язык текста, звукозаписи и т.д. русский
102 ## - СТРАНА ПУБЛИКАЦИИ ИЛИ ПРОИЗВОДСТВА
Страна публикации российская федерация
120 ## - ПОЛЕ КОДИРОВАННЫХ ДАННЫХ: КАРТОГРАФИЧЕСКИЕ МАТЕРИАЛЫ - ОБЩИЕ ХАРАКТЕРИСТИКИ
Кодированные данные о картографическом материале (общие) byy xx||
123 1# - ПОЛЕ КОДИРОВАННЫХ ДАННЫХ: КАРТОГРАФИЧЕСКИЕ МАТЕРИАЛЫ - МАСШТАБ И КООРДИНАТЫ
Тип масштаба a
Постоянное отношение линейного горизонтального масштаба 750 000
200 1# - ЗАГЛАВИЕ И СВЕДЕНИЯ ОБ ОТВЕТСТВЕННОСТИ
Основное заглавие Разделы Речи Посполитой
Общее обозначение материала Карты
Сведения, относящиеся к заглавию Для общеобразоват. учреждений
Первые сведения об ответственности Сост. и подгот. к изд. ООО "изд-вом ДИК"
Последующие сведения об ответственности Ред. Т.И. Мартынова
206 ## - ОБЛАСТЬ СПЕЦИФИЧЕСКИХ СВЕДЕНИЙ: КАРТОГРАФИЧЕСКИЕ МАТЕРИАЛЫ - МАТЕМАТИЧЕСКИЕ ДАННЫЕ
Сведения о математических данных 1:750 000, 7,5 км в 1 см
210 ## - ПУБЛИКАЦИЯ, РАСПРОСТРАНЕНИЕ И ДР.
Место издания, распространения и т.д. Москва
Имя издателя, распространителя и т. д. ДИК
Дата издания, распространения и т.д. 2010
215 ## - ФИЗИЧЕСКАЯ ХАРАКТЕРИСТИКА
Специфическое обозначение материала и объем 1 к.
Другие сведения о физической характеристике цв.
Размеры 136х97 см
509 01 - ЗАГОЛОВОК -СТРУКТУРИРОВАННОЕ ГЕОГРАФИЧЕСКОЕ ИЛИ ТЕМАТИЧЕСКОЕ НАИМЕНОВАНИЕ
Графика поля Кириллица
Географическое / тематическое наименование – начальный элемент ввода Европа Восточная
Системный номер авторитетной/нормативной записи 2633803
Идентификатор авторитетной / нормативной записи RU\NLR\auth_crt\55631
606 0# - НАИМЕНОВАНИЕ ТЕМЫ КАК ПРЕДМЕТ
Наименование темы История отдельных стран
Географический подзаголовок Европа
Системный номер авторитетной/нормативной записи 2177743
Идентификатор авторитетной/нормативной записи RU\NLR\auth_crt\6615
620 ## - МЕСТО И ДАТА ПУБЛИКАЦИИ, ИСПОЛНЕНИЯ И Т. Д.
Страна Россия
702 #1 - ИМЯ ЛИЦА - ВТОРИЧНАЯ ОТВЕТСТВЕННОСТЬ
Начальный элемент ввода Мартынова
Часть имени, кроме начального элемента ввода Т. И.
Код отношения Редактор
801 #0 - ИСТОЧНИК ЗАПИСИ
Страна российская федерация
Организация NLR
Дата составления 20121018
Правила каталогизации PSBO
852 ## - МЕСТОНАХОЖДЕНИЕ И ШИФР ХРАНЕНИЯ
Идентификатор организации NLR
Наименование фонда или коллекции (Sub-Location Identifier) К
Шифр хранения (Call Number) 4-Евр 4/1075
Идентификатор единицы 10-12
942 ## - ДОПОЛНИТЕЛЬНЫЕ ЭЛЕМЕНТЫ ЗАПИСИ (АБИС)
Тип экземпляра АБИС Карта
980 ## - КОЛЛЕКЦИЯ
Название коллекции Национальная библиография

Нет доступных экземпляров.